| 000 | 00870nam a2200229 4500 | ||
|---|---|---|---|
| 008 | 161104b xxu||||| |||| 00| 0 eng d | ||
| 020 | _a9789710161737 | ||
| 082 |
_22014 _aDFil 342.02 _bN62 |
||
| 245 |
_aThe 1987 constitution for one/ _cAndres R. Delos Santos [and 4 others]; Jeremiah V. Pacer. |
||
| 246 | _aThe nineteen eighty seven constitution for one | ||
| 260 |
_aMalabon City: _bJimczyville Publication, _cc2014. |
||
| 300 |
_avi, 272 pages; _c23 cm. |
||
| 500 | _aincludes bibliographical references. | ||
| 650 | 0 |
_916945 _aConstitution |
|
| 700 |
_916946 _aDelos Santos, Andres R. _eAuthor |
||
| 700 |
_916947 _aMesinas, Michael M. _eAuthor |
||
| 700 |
_916948 _aParagas, Rafael Y. _eAuthor |
||
| 700 |
_916949 _aRamos, Orlando H. _eAuthor |
||
| 700 |
_916950 _aUmali, Vannessa D. _eAuthor |
||
| 700 |
_916951 _aPacer, Jeremiah V. _eEditor |
||
| 942 |
_2ddc _cDFIL |
||
| 999 |
_c5495 _d5495 |
||